KOHA-Header-6

Wajid Ali Shah : Unki Shayree aur Mersiyee (Record no. 9021)

000 -LEADER
fixed length control field 00289nam a2200109Ia 4500
100 ## - MAIN ENTRY--AUTHOR NAME
Personal name Syed Husain Kazmi
245 #0 - TITLE STATEMENT
Title Wajid Ali Shah : Unki Shayree aur Mersiyee
260 ## - PUBLICATION, DISTRIBUTION, ETC. (IMPRINT)
Place of publication Karachi
Name of publisher Shaikh Shoukat Ali
Year of publication 1996
300 ## - PHYSICAL DESCRIPTION
Number of Pages 397
942 ## - ADDED ENTRY ELEMENTS (KOHA)
Koha item type Books
Holdings
Withdrawn status Lost status Collection code Permanent Location Current Location Shelving location Date acquired Full call number Accession Number Koha item type
    Urdu Literature Computing and Engineering Library Block-D Computing and Engineering Library Block-D Shelf No.A12 2020-12-01 658.848 4305 Urdu Literature

Powered by Koha